Účtovanie opravných položiek dlhodobého majetku v podnikateľských subjektoch a ich vplyv na základ dane z príjmov

Účtovanie opravných položiek k dlhodobému majetku. Vplyv opravných položiek na základ dane. Uplatnenie internej kontroly účtovania opravných položiek. Závery autoriek článku z vykonanej analýzy.

Guardado en:
Detalles Bibliográficos
Autor principal: Vépyová, Mária
Otros Autores: Kastlerová, Sylvia
Formato: Capítulo de libro
Lenguaje:eslovaco
Materias:
Etiquetas: Agregar Etiqueta
Sin Etiquetas, Sea el primero en etiquetar este registro!

MARC

LEADER 00000naa$a2200000$$$4500
001 0082955
005 20240502083221.1
041 0 |a slo 
044 |a CZ 
245 1 0 |a Účtovanie opravných položiek dlhodobého majetku v podnikateľských subjektoch a ich vplyv na základ dane z príjmov  |c Mária Vépyová, Sylvia Kastlerová 
520 |a Účtovanie opravných položiek k dlhodobému majetku. Vplyv opravných položiek na základ dane. Uplatnenie internej kontroly účtovania opravných položiek. Závery autoriek článku z vykonanej analýzy. 
610 2 0 |a položky opravné 
610 2 0 |a účtovníctvo 
610 2 0 |a účtovanie 
610 2 0 |a majetok dlhodobý 
610 2 0 |a základ dane 
610 2 0 |a podnikatelia 
100 1 |a Vépyová, Mária 
700 1 |a Kastlerová, Sylvia